000 00707nam a22002412 4500
001 0000003109
005 20151217151915.0
008 070427s xx 000 0 eng d
020 _a0070380694 :
_cKES 2,475
040 _aKABU
_cKABU
050 0 _aHM51
_b.C35 1997
100 1 _aCalhoun, Craig.
_@0000152753
245 1 0 _aSociology /
_cCraig Calhoun, Donald Light, Suzanne Keller.
250 _a7th ed.
260 _aNew York :
_bMcGraw-Hill,
_cc1997.
300 _axxiii, 648 p. ;
_c26 cm.
650 0 _aSociology.
_@0000099021
700 1 _aLight, Donald.
_@0000152754
700 1 _aKeller, Suzanne.
_@0000152755
908 _a070427
950 _@1
999 _c6229
_d6229